ARRUPE JESUIT UNIVERSITY

CORONAVIRUS -STOP THE SPREAD - CLEAN,DISINFECT,COVER

Philosophical writing : (Record no. 130769)

MARC details
000 -LEADER
fixed length control field 02408cam a2200337 a 4500
001 - CONTROL NUMBER
control field 13867298
003 - CONTROL NUMBER IDENTIFIER
control field ARRUPE
005 - DATE AND TIME OF LATEST TRANSACTION
control field 20211013110738.0
008 - FIXED-LENGTH DATA ELEMENTS--GENERAL INFORMATION
fixed length control field 050210s2005 mau b 001 0 eng
010 ## - LIBRARY OF CONGRESS CONTROL NUMBER
LC control number 2005004144
020 ## - INTERNATIONAL STANDARD BOOK NUMBER
International Standard Book Number 1405131675 (pbk. : alk. paper)
020 ## - INTERNATIONAL STANDARD BOOK NUMBER
International Standard Book Number 9781405131674 (pbk. : alk. paper)
040 ## - CATALOGING SOURCE
Original cataloging agency DLC
Transcribing agency DLC
Modifying agency DLC
042 ## - AUTHENTICATION CODE
Authentication code pcc
050 00 - LIBRARY OF CONGRESS CALL NUMBER
Classification number B52.7
Item number .M37 2005
082 00 - DEWEY DECIMAL CLASSIFICATION NUMBER
Classification number 808/.0661
Edition number 22
300 ## - PHYSICAL DESCRIPTION
Dimensions 23 cm.
100 1# - MAIN ENTRY--PERSONAL NAME
Personal name Martinich, Aloysius.
9 (RLIN) 12225
245 10 - TITLE STATEMENT
Title Philosophical writing :
Remainder of title an introduction /
Statement of responsibility, etc A.P. Martinich.
250 ## - EDITION STATEMENT
Edition statement 3rd ed.
260 ## - PUBLICATION, DISTRIBUTION, ETC. (IMPRINT)
Place of publication, distribution, etc Malden, Mass. :
Name of publisher, distributor, etc Blackwell Pub.,
Date of publication, distribution, etc c2005.
300 ## - PHYSICAL DESCRIPTION
Extent vii, 202 p. ;
504 ## - BIBLIOGRAPHY, ETC. NOTE
Bibliography, etc Includes bibliographical references and index.
505 0# - FORMATTED CONTENTS NOTE
Formatted contents note Author and audience -- The professor as audience -- The student as author -- Three attitudes about philosophical method -- Logic and argument for writing -- What is a good argument? -- Valid arguments -- Cogent arguments -- Consistency and contradition -- Contraries and contradictories -- The strength of a proposition -- The structure of a philosophical essay -- An outline of the structure of a philosophical essay -- Anatomy of an essay -- Another essay -- Composing -- How to select an essay topic -- Techniques for composing -- Outlining -- Successive elaboration -- Conceptual note taking -- Research and composing -- Polishing -- Evolution of an essay -- Tactics for analytic writing -- Definitions -- Distinctions -- Analysis -- Dilemmas -- Scenarios -- Counterexamples -- Reductio ad absurdum -- Dialectical reasoning -- Some constraints on content -- The pursuit of truth -- The use of authority -- The burden of proof -- Some goals of form -- Coherence -- Clarity -- Conciseness -- Rigor -- Problems with introductions -- Slip sliding away -- The tail wagging the dog -- The running start.
650 #0 - SUBJECT ADDED ENTRY--TOPICAL TERM
Topical term or geographic name as entry element Philosophy
General subdivision Authorship.
9 (RLIN) 12226
856 41 - ELECTRONIC LOCATION AND ACCESS
Materials specified Table of contents only
Uniform Resource Identifier <a href="http://www.loc.gov/catdir/enhancements/fy0802/2005004144-t.html">http://www.loc.gov/catdir/enhancements/fy0802/2005004144-t.html</a>
856 42 - ELECTRONIC LOCATION AND ACCESS
Materials specified Publisher description
Uniform Resource Identifier <a href="http://www.loc.gov/catdir/enhancements/fy0802/2005004144-d.html">http://www.loc.gov/catdir/enhancements/fy0802/2005004144-d.html</a>
856 42 - ELECTRONIC LOCATION AND ACCESS
Materials specified Contributor biographical information
Uniform Resource Identifier <a href="http://www.loc.gov/catdir/enhancements/fy0802/2005004144-b.html">http://www.loc.gov/catdir/enhancements/fy0802/2005004144-b.html</a>
906 ## - LOCAL DATA ELEMENT F, LDF (RLIN)
a 7
b cbc
c orignew
d 1
e ecip
f 20
g y-gencatlg
942 ## - ADDED ENTRY ELEMENTS (KOHA)
Source of classification or shelving scheme Library of Congress Classification
Koha item type Monograph ( Printed materials)
Holdings
Withdrawn status Lost status Source of classification or shelving scheme Damaged status Not for loan Collection code Home library Current library Shelving location Date acquired Total Checkouts Full call number Barcode Date last seen Price effective from Koha item type
    Library of Congress Classification     Main Collection ARRUPE LIBRARY ARRUPE LIBRARY Main Collection 13/10/2021   B52.7 .M37 2005 46600007419 13/10/2021 13/10/2021 Monograph ( Printed materials)

 

Arrupe Library. PO Box MP320 Mt Pleasant, Harare, Zimbabwe
263 242 745411|librarian@aju.ac.zw